000 00496nam a22001817a 4500
003 MPLRDC
005 20220104193213.0
008 210129b ||||| |||| 00| 0 eng d
020 _a978-986-83803-2-5
082 _a782.886 MZD-73
100 _a罗斯·特里尔 ROSS TERRILL
245 _a毛泽东
_c胡为雄、郑玉臣 译
250 _a初版一刷
260 _a台湾
_b博雅书屋有限公司
_c2007
300 _b
650 _a传记--毛泽东
942 _cBK
_o782.886 MZD-73
999 _c65081
_d65071